Jeevan Ke Anant Vachan: The Eternal Worlds of Life (Record no. 22855)

MARC details
000 -LEADER
fixed length control field 00301nam a22001217a 4500
082 ## - DEWEY DECIMAL CLASSIFICATION NUMBER
Classification number 226.4 BSI
245 ## - TITLE STATEMENT
Title Jeevan Ke Anant Vachan: The Eternal Worlds of Life
260 ## - PUBLICATION, DISTRIBUTION, ETC. (IMPRINT)
Place of publication Bangalore
Name of publisher The Bible Society of India
Year of publication 2011
300 ## - PHYSICAL DESCRIPTION
Number of Pages 251
650 ## - SUBJECT ADDED ENTRY--TOPICAL TERM
Topical Term Gospel-St.Lukes
942 ## - ADDED ENTRY ELEMENTS (KOHA)
Koha item type Books
Holdings
Home library Current library Shelving location Date acquired Full call number Accession Number Koha item type
Henry Martyn Institute Library Henry Martyn Institute Library General stacks 03/06/2020 226.4 BSI 11-4121 Books
                   Copyright © 2026 | Henry Martyn Institute | Hyderabad | TS-500052 | INDIA | Implemented by hmi.edu.in
Hit-Count:

Powered by Koha